Statistiques concernant En images: les sites français inscrits au Patrimoine mondial UNESCO

Cliquez ici pour prendre le quiz!

Statistiques générales

  • Ce quiz a été pris 103 fois
  • Le résultat moyen est 16 sur 33

Statistiques - réponses

Réponse% Correct
Palais de Versailles
99%
Mont-Saint-Michel
96%
Vallée de la Vézère
89%
Château de Chambord
86%
Pont du Gard
80%
Rives de la Seine
77%
Carcassonne
71%
Cathédrale Notre-Dame de Reims
71%
Nice
68%
Port de la Lune de Bordeaux
61%
Grande-Île de Strasbourg
55%
Palais des papes d'Avignon
55%
Places Stanislas à Nancy
53%
Chemins de Saint-Jacques-de-Compostelle
50%
Théâtre antique d’Orange
50%
Canal du Midi
49%
Cathédrale de Chartres
49%
Centre historique de Lyon
46%
Arles
42%
Cathédrale d’Amiens
41%
Fortifications de Vauban
39%
Beffrois de Belgique et de France
38%
Cité épiscopale d’Albi
38%
Le Havre
33%
Cathédrale Saint-Étienne de Bourges
28%
Palais de Fontainebleau
28%
Le phare de Cordouan
24%
Saline Royale d'Arc-et-Senan
21%
Provins
15%
Abbaye de Fontenay
13%
Juridiction de Saint-Émilion
9%
Abbatiale de Saint-Savin-sur-Gartempe
4%
Basilique de Vézelay
3%

Distribution des résultats

Percentile par nombre de réponses

% des personnes avec chaque résultat

Votre développement - résultats

Vous n’avez pas pris ce quiz